zpět

Detail výsledku týmu

Bounty Rock Cafe, Olomouc

Datum a čas kvízu

33 Celkem bodů Celkový počet nahraných bodů na tomto kvízu bez doplňovacích otázek.
9. Pořadí na kvízu Konečné umístění týmu na tomto kvízu.

Zaznamenané odpovědi

# Otázka Odpověď Body Výsledky
1. Který český politik zveřejnil... Vít Rakušan 1
2. Na mezinárodní vesmírnou stani... americká (3 členové), ruská (1 člen) 0.5
3. V sobotu večer se v pražském R... Simona Peková, Přišla v noci 1
4. Od středy minulého týdne je za... HHC 1
5. V pondělí byl představen ofici... Invalidovna 0
6. Začneme prvním českým králem p... Rudolf (I. Habsburský) 0
7. Další „slavnou“ prohrou, která... stoletá válka 1
8. Za naši slavnou prohru lze ozn... D 1
9. Bitva na Bílé hoře v roce 1620... D) 2 hodiny 0
10. Napište jména dvou mužů, kteří... Neville Chamberlain, Édouard Daladier 1